书目信息 |
| 题名: |
罗曼蒂克心理学
|
|
| 作者: | 布兰登 著 ;孙尚奇 译 | |
| 分册: | ||
| 出版信息: | 上海 文汇出版社 2003 |
|
| 页数: | 195页 | |
| 开本: | 20cm | |
| 丛书名: | 文汇译丛·深度探访 | |
| 单 册: | ||
| 中图分类: | C913.1 , C912.6 | |
| 科图分类: | ||
| 主题词: | 爱情--心理学--通俗读物 , 社会结构 , 社会关系 | |
| 电子资源: | ||
| ISBN: | 7-80676-356-2 | |
| 000 | 01044oam2 2200301 450 | |
| 001 | 1550837767 | |
| 005 | 20150124140746.50 | |
| 010 | @a7-80676-356-2@dCNY16.00 | |
| 100 | @a20030612d2003 em y0chiy50 ea | |
| 101 | 1 | @achi@ceng |
| 102 | @aCN@b310000 | |
| 105 | @ay z 000yy | |
| 200 | 1 | @a罗曼蒂克心理学@9luo man di ke xin li xue@f(美)纳撒尼尔·布兰登(Nathaniel Branden)著@g孙尚奇译 |
| 210 | @a上海@c文汇出版社@d2003 | |
| 215 | @a195页@d20cm | |
| 225 | 2 | @a文汇译丛·深度探访 |
| 305 | @a美国SOBEL WEBER ASSOCIATES Inc 授权出版 | |
| 330 | @a讲述了社会心理学,作者阐述了浪漫爱情在历史上的演化,它的本源在何处,对于此种爱情的选择等,最终告诉读者,如何将爱进一步深化转化为现实。 | |
| 461 | 0 | @12001 @a文汇译丛·深度探访 |
| 606 | 0 | @a爱情@x心理学@j通俗读物 |
| 606 | 0 | @a社会结构 |
| 606 | 0 | @a社会关系 |
| 690 | @aC913.1@v5 | |
| 690 | @aC912.6@v4 | |
| 701 | 0 | @c(美)@a布兰登@9bu lan deng@c(Branden, Nathaniel)@4著 |
| 702 | 0 | @a孙尚奇@9sun shang qi@c(心理学)@4译 |
| 801 | 0 | @aCN@bTSSF@c20150115 |
| 905 | @aZUCC@dC912.6@eJY1 | |
| 罗曼蒂克心理学/(美)纳撒尼尔·布兰登(Nathaniel Branden)著/孙尚奇译.-上海:文汇出版社,2003 |
| 195页;20cm.-(文汇译丛·深度探访) |
| ISBN 7-80676-356-2:CNY16.00 |
| 讲述了社会心理学,作者阐述了浪漫爱情在历史上的演化,它的本源在何处,对于此种爱情的选择等,最终告诉读者,如何将爱进一步深化转化为现实。 |
| ● |
| 相关链接 |
|
|
|
|
正题名:罗曼蒂克心理学
索取号:C912.6/JY1
 
预约/预借
| 序号 | 登录号 | 条形码 | 馆藏地/架位号 | 状态 | 备注 |
| 1 | 7859083 | 278590838 | 学院路分馆/ [索取号:C912.6/JY1] | 在馆 |